Iniciación profesional y formación universitaria: casos de arquitectos titulados en la Universidad Católica de Chile

Gespeichert in:
Bibliographische Detailangaben
Hauptverfasser: Schweitzer Lopetegui, Angela (VerfasserIn), Pérez N., Rowena (VerfasserIn)
Format: Buch
Sprache:Spanisch
Veröffentlicht: Santiago C.P.U 1989
Schriftenreihe:Serie documentos de trabajo, 9
Schlagworte:
Tags: Tag hinzufügen
Keine Tags, Fügen Sie den ersten Tag hinzu!

MARC

LEADER 00000nam a2200000 a 4500
001 UCW4036
003 CL-VaPUC
008 890724e19890000CL |||||||||||||||||spa|d
082 0 4 |a 378.01  |b SCH  |2 21 
100 0 |a Schweitzer Lopetegui, Angela  |e author  |9 308555 
700 0 |a Pérez N., Rowena  |e author  |9 308556 
245 1 0 |a Iniciación profesional y formación universitaria: casos de arquitectos titulados en la Universidad Católica de Chile 
300 |a 55 p 
942 |c BK 
945 |d 19890724 00:00:00 
260 |a Santiago  |b C.P.U  |c 1989 
650 7 |a FORMACION DE PROFESIONAL DE ARQUITECTOS  |2 CL-VaPUC  |9 308557 
650 0 |a Arquitectura  |x Profesión  |9 308538 
650 0 |a Arquitectos   |9 268647 
651 7 |a CHILE  |2 CL-VaPUC  |9 308559 
583 |a last modification  |c 19890724 00:00:00  |k Rodrigo Vera 
490 0 |a Serie documentos de trabajo, 9 
999 |c 217864  |d 217862 
952 |0 0  |1 0  |4 0  |6 378_010000000000000_SCH_1989  |7 0  |8 P  |9 206429  |a BIBEDU  |b BIBEDU  |c BIBEDU_PB  |d 2019-11-15  |i 2742349  |o 378.01 SCH 1989  |p 2742349  |r 2024-01-25  |w 2019-11-15  |y BK  |k EDU